Géographie par lettre de l'alphabet n°3 - Statistiques

Statistiques générales
  • Ce quiz a été pris 426 fois
  • Le résultat moyen est 18 sur 26
Statistiques - réponses
Descriptions Lettres Réponses % Correct
Ce pays européen était ,après sa défaite lors de la seconde guerre mondiale, divisé en deux parties A Allemagne
99%
Pays en forme de botte I Italie
98%
Capitale de l'Indonésie J Jakarta
94%
Pays de la péninsule arabique Q Qatar
94%
Premier pays qui a gagné la Coupe du monde U Uruguay
94%
Siège de l'Église catholique romaine V Vatican
93%
Pays d'Amérique du Sud C Colombie
90%
La plus grande ville d'Afghanistan K Kaboul
89%
Sa plus grande ville est Bamako M Mali
89%
Ancienne ville détruite pr le Vésuve P Pompéi
88%
Capitale de la Slovaquie B Bratislava
87%
Tachkent est sa capitale O Ouzbékistan
80%
Suva est sa capitale F Fidji
79%
Managua est sa capitale N Nicaragua
79%
Etat américain voisin de la Pennsylvanie, de Mayland et du New Jersey D Delaware
74%
Capitale de la Taiwan T Taipei
74%
Les îles Galápagos sont un archipel et une province de ce pays E Equateur
71%
Paul Kagame est le président de ce pays R Rwanda
70%
Etat américain H Hawaï
63%
Ville autrichienne située à la frontière de l'Allemagne S Salzbourg
58%
Région du Danemark G Groenland
54%
La version du Liban mais en Afrique L Liberia
44%
Ville allemande W Wolfsburg
13%
Ville portuaire de la côte sud-est de la Chine séparée de Taïwan par un détroit X Xiamen
8%
Le plus long fleuve de Chine Y Yangzi Jiang
4%
La plus grande ville chinoise avec 5 millions d'habitants ( en Z ) Z Zhengzhou
3%
Aucun quiz correspondant
Distribution des résultats
% des personnes avec chaque résultat
Percentile par nombre de réponses
Votre historique - résultats
Vous n’avez pas pris ce quiz